Pays contenant au moins 3 mots - Statistiques

Statistiques générales
  • Ce quiz a été pris 1 009 fois
    992 depuis la dernière actualisation
  • Le résultat moyen est 10 sur 15
Réponses sur la Carte
Les réponses sont colorées sur une échelle allant du rouge au vert en fonction du pourcentage des utilisateurs qui les ont devinées à leur premier essai. Vous pouvez retrouver ces pourcentages ci-dessous.
 
Statistiques - réponses
Pays % Correct
République démocratique du Congo
85%
Papouasie-Nouvelle-Guinée
84%
Saint-Vincent-et-les Grenadines
79%
Saint-Christophe-et-Niévès
77%
Corée du Nord
75%
Corée du Sud
75%
Sao Tomé-et-Principe
72%
Antigua-et-Barbuda
71%
Trinité-et-Tobago
71%
Afrique du Sud
70%
Émirats arabes unis
69%
Soudan du Sud
64%
États Fédérés de Micronésie
51%
Macédoine du Nord
41%
Côte d'Ivoire
26%
Aucun quiz correspondant
Distribution des résultats
% des personnes avec chaque résultat
Percentile par nombre de réponses
Votre historique - résultats
Vous n’avez pas pris ce quiz depuis la dernière actualisation